Cardiological Society of India : cardiology update 2014 (Record no. 30920)

MARC details
000 -LEADER
fixed length control field 00788nam a2200193 a 4500
008 - FIXED-LENGTH DATA ELEMENTS--GENERAL INFORMATION
fixed length control field 191202s2015 ||||||||||||||||| || u
020 ## - INTERNATIONAL STANDARD BOOK NUMBER
International Standard Book Number 9789351526186
050 ## - LIBRARY OF CONGRESS CALL NUMBER
Classification number RC 667 Car
100 ## - MAIN ENTRY--PERSONAL NAME
Personal name Chopra, HK
245 10 - TITLE STATEMENT
Title Cardiological Society of India : cardiology update 2014
Statement of responsibility, etc. Edited by HK Chopra ; S Ramakrishnan ; AK Pancholia ; Manish Bansal
260 ## - PUBLICATION, DISTRIBUTION, ETC.
Place of publication, distribution, etc. New Delhi
Name of publisher, distributor, etc. Jaypee Brothers Medical Publishers (P) Ltd
Date of publication, distribution, etc. 2015
300 ## - PHYSICAL DESCRIPTION
Extent liii, 1244 pages : illustrations
350 ## -
-- 86.85
650 ## - SUBJECT ADDED ENTRY--TOPICAL TERM
Topical term or geographic name entry element CARDIOLOGY
700 ## - ADDED ENTRY--PERSONAL NAME
Personal name Bansal, Manish
700 ## - ADDED ENTRY--PERSONAL NAME
Personal name Pancholia, AK
700 ## - ADDED ENTRY--PERSONAL NAME
Personal name Ramakrishnan, S
995 ## -
-- MEDICAL LIBRARY OPEN ACCESS
-- 904594
-- CBU-SCHOOL OF MEDICINE LIBRARY (Ndola)
-- 86.85
-- RC 667 Car
-- 1
-- AVAILABLE
-- Dec 13, 2019
-- 904594
-- Medical Library Open Access Collection
999 ## -
-- 30920
-- 30920
Holdings
Withdrawn status Lost status Source of classification or shelving scheme Damaged status Not for loan Permanent Location Current Location Shelving location Date acquired Total Checkouts Full call number Barcode Date last seen Price effective from Koha item type
          CBU-SCHOOL OF MEDICINE LIBRARY, NDOLA. CBU-SCHOOL OF MEDICINE LIBRARY, NDOLA.   11/30/2022   RC 667 Car 904594 11/30/2022 11/30/2022 MONOGRAPH